Economics/ (Record no. 34594)

MARC details
000 -LEADER
fixed length control field 00558nam a2200193Ia 4500
008 - FIXED-LENGTH DATA ELEMENTS--GENERAL INFORMATION
fixed length control field 231019s9999 xx 000 0 und d
020 ## - INTERNATIONAL STANDARD BOOK NUMBER
ISBN 978-0-821-00781-8
082 ## - DEWEY DECIMAL CLASSIFICATION NUMBER
Classification number 330
Item number BAM-C
100 ## - MAIN ENTRY--AUTHOR
Author Name Bamford, Colin
245 #0 - TITLE STATEMENT
Title Economics/
Remainder of title Cambridge International Examinations. As level and A level/
Statement of responsibility, etc. Colin Bamford
260 ## - PUBLICATION, DISTRIBUTION, ETC.
Place of Publication UK;
Name of publisher, distributor, etc. Cambridge University Press;
Date of publication, distribution, etc. 2002.
300 ## - PHYSICAL DESCRIPTION
Pages 333 p.:
500 ## - GENERAL NOTE
General note Include Index.
650 ## - SUBJECT ADDED ENTRY--TOPICAL TERM
Subject / Department Economics
700 ## - ADDED ENTRY--PERSONAL NAME
Personal name Keith Brunskill
700 ## - ADDED ENTRY--PERSONAL NAME
Personal name Gordon Cain
700 ## - ADDED ENTRY--PERSONAL NAME
Personal name Sue Grant,
300 ## - PHYSICAL DESCRIPTION
-- 27 cm.
952 ## - LOCATION AND ITEM INFORMATION (KOHA)
-- 0
-- 0
Holdings
Lost status Damaged status Collection code Permanent Location Current Location Shelving Location Date acquired Full Call Number Accession No./Barcode Date last seen item type Koha item type
    Economics/Commerce Superior Information Resource Center (SIRC) Superior University - City Campus Superior Information Resource Center (SIRC) Superior University - City Campus Economics 10/19/2023 330 BAM-C 2002 28143 10/19/2023 BOOK BOOK

Powered by Koha